| 000 | 00444nam a2200169 4500 | ||
|---|---|---|---|
| 003 | SEACOMEC | ||
| 005 | 20260318153316.0 | ||
| 008 | 260318b |||||||| |||| 00| 0 eng d | ||
| 020 |
_a978-8173714245 _c275 |
||
| 040 | _aSEACOMEC | ||
| 082 |
_a510.02462 _bR215 |
||
| 100 | _aKoneru, Sarveswara Rao | ||
| 245 |
_aEngineering Mathematics _cKoneru Sarveswara Rao |
||
| 260 |
_aHydrabad _bUniversities Press _c2004 |
||
| 650 | _aMath | ||
| 942 | _cBOOK | ||
| 999 |
_c2642 _d2642 |
||